Riadenie ľudských zdrojov v spoločnosti Kaufland bakalárska práca

Na minha lista:
Detalhes bibliográficos
Autor principal: Madurová, Diana
Autor Corporativo: Podnikovohospodárska fakulta EU so sídlom v Košiciach. Katedra obchodného podnikania
Outros Autores: Ivaničková, Mariana, 1977-
Formato: Livro
Idioma:eslovaco
Publicado em: Košice 2016
Tags: Adicionar Tag
Sem tags, seja o primeiro a adicionar uma tag!

MARC

LEADER 00000nbm a2200000 4500
001 0217739
005 20161219093501.9
041 0 |a slo 
044 |a SK 
245 1 0 |a Riadenie ľudských zdrojov v spoločnosti Kaufland  |b bakalárska práca  |c Diana Madurová ; školiteľ: Mariana Ivaničková 
264 1 |a Košice  |c 2016 
300 |a 61 s. 
100 1 |a Madurová, Diana 
700 1 |a Ivaničková, Mariana, 1977- 
710 2 |a Podnikovohospodárska fakulta EU so sídlom v Košiciach. Katedra obchodného podnikania